000 00663nam a2200277Ia 4500
005 20260324124008.0
008 008 260324s9999 xx 000 0 eng d
020 _a9781315607764
037 _aEBOOK
040 _aCRL
040 _beng
040 _cCRL
041 _2eng
041 _aeng
084 _qCRL
100 _aGayle Woloschak; Daniel Buxhoeveden
_91172447
245 0 _aScience and the Eastern Orthodox Church
260 _bTaylor and Francis
260 _c2011
365 _a
365 _b255
856 _uhttp://www.taylorfrancis.com/books/9781315607764
942 _cEBOOK
999 _c1766451
_d1766451